000 00435nam a22001817a 4500
003 MPLRDC
005 20220104123918.0
008 210129b ||||| |||| 00| 0 eng d
020 _a7-5057-0650-0
082 _a848.2 LY-96
100 _a刘墉
245 _a爱就注定了一生的漂泊
_c
250 _a一版二刷
260 _a
_b中国友谊
_c1997
300 _b
650 _a现代别集
942 _cBK
_o848.2 LY-96
999 _c15175
_d15165